01634nam a22003491i 4500001001200000003000800012006001900020007001500039008004100054020002700095020001800122040003500140035002100175043002100196050002300217100001600240245012200256264005800378300005200436336002100488337002300509338003200532440005600564504005100620505025900671588010300930650003701033650003701070655002201107700002901129856012601158ebr10796945CaPaEBRm o d cr cn|||||||||131205s2013 enka ob 001 0 eng d a9781137377029 (e-book) z9781137377012 aCaPaEBRbengerdaepncCaPaEBR a(OCoLC)868977214 ae-uk---an-us---14aRC117b.H66 2013eb1 aHomei, Aya.10aFungal disease in Britain and the United States, 1850-2000 :bmycoses and modernity /cAya Homei and Michael Worboys. 1aBasingstoke ;aNew York :bPalgrave Macmillan,c2013. a1 online resource (240 pages) :billustrations. atext2rdacontent acomputer2rdamedia aonline resource2rdacarrier 0aScience, technology, and medicine in modern history aIncludes bibliographical references and index.0 aRingworm: A Disease of Schools and Schooling -- Athlete's Foot: A Disease of Fitness and Hygiene -- Candida: A Disease of Antibiotics -- Endemic Mycoses, Mycotoxins and Allergies: Diseases of Social Change -- Aspergillosis: A Disease of Medical Progress. aDescription based on online resource; title from PDF title page (ebrary, viewed December 5, 2013). 0aMycoseszGreat BritainxHistory. 0aMycoseszUnited StatesxHistory. 0aElectronic books.1 aWorboys, Michael,d1948-40uhttp://site.ebrary.com/lib/rucke/Doc?id=10796945zAn electronic book accessible through the World Wide Web; click to view